Opodstatnenosť Maastrichtských kritérií v podmienkach dlhovej krízy v eurozóne

Napriek vyše desaťročnej histórii platnosti Maastrichtských kritérií a Paktu stability a rastu, ako základných pravidiel fungovania spoločnej menovej únie, zasiahla eurozónu dlhová kríza. Práca sa zameriava na jedno z Maastrichtských kritérií - na kritérium dlhodobo udržateľného stavu verejných fina...

Ausführliche Beschreibung

Gespeichert in:
Bibliographische Detailangaben
1. Verfasser: Dráb, Ján
Format: Buchkapitel
Sprache:Slowakisch
Schlagworte:
Tags: Tag hinzufügen
Keine Tags, Fügen Sie das erste Tag hinzu!

MARC

LEADER 00000nla a2200000 4500
001 0180985
005 20240502073110.0
041 0 |a slo 
044 |a SK 
245 1 0 |a Opodstatnenosť Maastrichtských kritérií v podmienkach dlhovej krízy v eurozóne  |c Ján Dráb 
520 |a Napriek vyše desaťročnej histórii platnosti Maastrichtských kritérií a Paktu stability a rastu, ako základných pravidiel fungovania spoločnej menovej únie, zasiahla eurozónu dlhová kríza. Práca sa zameriava na jedno z Maastrichtských kritérií - na kritérium dlhodobo udržateľného stavu verejných financií a analyzuje jeho uplatniteľnosť a opodstatnenosť. Následne na praktickom príklade verejných financií Slovenskej republiky overuje jeho vypovedaciu hodnotu. 
610 2 0 |a Európska únia 
610 2 0 |a dokumenty vládne 
610 2 0 |a kríza 
610 2 0 |a financie verejné 
610 2 0 |a dlhy verejné 
610 2 0 |a Slovensko 
100 1 |a Dráb, Ján